000 00455 a2200169 4500
001 066435
003 OSt
005 20210928123150.0
008
082 _a725.960654
_bD53T
100 1 _aDhar, Parul Pandyna
245 1 _aThe torana in Indian and South East Asian architecture
_cby Parul Pandyna Dhar
260 _aDelhi
_bD.K. Print
_c2010
300 _a317p.
690 _aArchitecture; English
942 _2ddc
_cBK
999 _c490
_d490